[Event "IND-ch U15"]
[Site "Kolkata"]
[Date "2018.07.18"]
[Round "3"]
[White "Raahul, VS."]
[Black "Keshav, Kothari"]
[Result "1-0"]
[WhiteElo "2292"]
[BlackElo "1808"]
[PlyCount "63"]
[EventDate "2018.07.17"]
[EventType "swiss"]
[EventRounds "11"]
[EventCountry "IND"]
[SourceTitle "CBM 186 Extra"]
[Source "ChessBase"]
[SourceDate "2018.08.24"]
[SourceVersion "1"]
[SourceVersionDate "2018.08.24"]
[SourceQuality "1"]

1. c4 e6 2. g3 d5 3. Bg2 Nf6 4. Nf3 Be7 5. 0-0 0-0 6. b3 c5 7. Bb2 Nc6 8. e3 b6 9. Qe2 Bb7 10. d3 dxc4 11. bxc4 Qc7 12. Nc3 Rac8 13. Nd2 Rfd8 14. Nde4 Nxe4 15. Nxe4 f5 16. Nc3 Nb4 17. Rad1 Bxg2 18. Kxg2 Bf6 19. e4 Bxc3 20. Bxc3 Nc6 21. Rfe1 Qf7 22. Qf3 Nd4 23. Bxd4 Rxd4 24. exf5 Qxf5 25. Qxf5 exf5 26. Re7 Rcd8 27. Rxa7 Rxd3 28. Rb1 R8d6 29. a4 Rc3 30. a5 Rd8 31. axb6 Rb8 32. Rc7 1-0

[Event "Bengaluru Karnataka op"]
[Site "Bengaluru"]
[Date "2018.04.16"]
[Round "5"]
[White "Keshav, Kothari"]
[Black "Yashas, Devappa"]
[Result "0-1"]
[WhiteElo "1715"]
[BlackElo "2243"]
[PlyCount "104"]
[EventDate "2018.04.14"]
[EventType "swiss"]
[EventRounds "10"]
[EventCountry "IND"]
[SourceTitle "CBM 184 Extra"]
[Source "ChessBase"]
[SourceDate "2018.06.28"]
[SourceVersion "1"]
[SourceVersionDate "2018.06.28"]
[SourceQuality "1"]

1. d4 Nf6 2. Nf3 e6 3. c4 c5 4. d5 exd5 5. cxd5 d6 6. Nc3 g6 7. Bf4 a6 8. a4 Bg7 9. h3 0-0 10. e3 Qe7 11. Be2 Nbd7 12. 0-0 Rb8 13. Nd2 Ne5 14. Bh2 Re8 15. Kh1 b6 16. f4 Ned7 17. e4 Bb7 18. Bd3 Nh5 19. Qf3 Bd4 20. Rae1 Qf8 21. Re2 Ng7 22. Rfe1 f6 23. Bg1 f5 24. exf5 gxf5 25. Rxe8 Rxe8 26. Rxe8 Qxe8 27. Qe2 Qxe2 28. Nxe2 Bxg1 29. Kxg1 Bxd5 30. Bxa6 Bc6 31. Bb5 Bxb5 32. axb5 Kf7 33. Kf2 d5 34. g4 Ke6 35. Kf3 Nf6 36. Ng3 h5 37. gxh5 Ngxh5 38. Ndf1 Nxg3 39. Nxg3 Ne4 40. Ne2 d4 41. Nc1 c4 42. Ke2 Kd5 43. h4 d3+ 44. Nxd3 cxd3+ 45. Kxd3 Nf2+ 46. Ke2 Ng4 47. Kd3 Nf6 48. b3 Nh5 49. Ke3 Kc5 50. b4+ Kc4 51. Kf3 Kxb4 52. Ke3 Kc4 0-1

[Event "IND-ch U13 31st"]
[Site "Jalandhar"]
[Date "2017.06.28"]
[Round "10"]
[White "Saypuri, Srithan"]
[Black "Keshav, Kothari"]
[Result "1/2-1/2"]
[WhiteElo "1715"]
[BlackElo "1798"]
[PlyCount "47"]
[EventDate "2017.06.21"]
[EventType "swiss"]
[EventRounds "11"]
[EventCountry "IND"]
[SourceTitle "CBM 179 Extra"]
[Source "ChessBase"]
[SourceDate "2017.08.23"]
[SourceVersion "1"]
[SourceVersionDate "2017.08.23"]
[SourceQuality "1"]

1. e4 e5 2. Nf3 Nc6 3. d4 exd4 4. Nxd4 Bc5 5. Be3 Qf6 6. c3 Qg6 7. Nd2 d6 8. Qf3 Ne5 9. Qe2 a6 10. h3 Bd7 11. a4 Nc6 12. Nf5 Bxe3 13. Qxe3 Nge7 14. Ng3 0-0 15. Bd3 f5 16. Nxf5 Nxf5 17. exf5 Bxf5 18. Bxf5 Rxf5 19. 0-0 Re5 20. Qf4 Rf8 21. Qg4 Rg5 22. Qe4 Qf7 23. Rae1 Re5 24. Qh4 1/2-1/2

[Event "IND-ch U13 31st"]
[Site "Jalandhar"]
[Date "2017.06.25"]
[Round "7"]
[White "Keshav, Kothari"]
[Black "Dhrupad, Kashyap"]
[Result "0-1"]
[WhiteElo "1798"]
[BlackElo "1672"]
[PlyCount "108"]
[EventDate "2017.06.21"]
[EventType "swiss"]
[EventRounds "11"]
[EventCountry "IND"]
[SourceTitle "CBM 179 Extra"]
[Source "ChessBase"]
[SourceDate "2017.08.23"]
[SourceVersion "1"]
[SourceVersionDate "2017.08.23"]
[SourceQuality "1"]

1. d4 Nf6 2. c4 c5 3. d5 e6 4. Nc3 exd5 5. cxd5 d6 6. Nf3 g6 7. Bf4 a6 8. a4 Bg7 9. h3 0-0 10. e3 Re8 11. Bd3 Qc7 12. 0-0 Nbd7 13. Nd2 Nh5 14. Bh2 Be5 15. Bxe5 Nxe5 16. Be2 Nf6 17. f4 Ned7 18. e4 Rb8 19. Qe1 c4 20. Qf2 b5 21. axb5 axb5 22. b4 cxb3 23. Nxb5 Qc2 24. Nxd6 Qxd2 25. Nxe8 Nxe8 26. Rfd1 b2 27. Rab1 Qc2 28. Bg4 Qxf2+ 29. Kxf2 Nc5 30. Bxc8 Nxe4+ 31. Ke3 Nc3 32. Bg4 Nf6 33. Kd4 Nfxd5 34. g3 Rd8 35. Bf3 Nxd1 36. Bxd1 Nxf4+ 37. Ke3 Nxh3 38. Bg4 Ng5 39. Rxb2 h5 40. Be2 Re8+ 41. Kf2 Re7 42. Bc4 Kg7 43. Kg2 Nh7 44. Kh3 Ng5+ 45. Kg2 Ne4 46. Be2 f5 47. Bf3 Kf6 48. Rb6+ Re6 49. Rb2 Kg5 50. Rb8 Rd6 51. Re8 Rd2+ 52. Kh3 Nf2+ 53. Kg2 Ng4+ 54. Kh3 Rh2# 0-1

[Event "IND-ch U13 31st"]
[Site "Jalandhar"]
[Date "2017.06.24"]
[Round "6"]
[White "Ayush, Sharma"]
[Black "Keshav, Kothari"]
[Result "0-1"]
[WhiteElo "1609"]
[BlackElo "1798"]
[PlyCount "64"]
[EventDate "2017.06.21"]
[EventType "swiss"]
[EventRounds "11"]
[EventCountry "IND"]
[SourceTitle "CBM 179 Extra"]
[Source "ChessBase"]
[SourceDate "2017.08.23"]
[SourceVersion "1"]
[SourceVersionDate "2017.08.23"]
[SourceQuality "1"]

1. e4 e5 2. Nf3 Nc6 3. Bc4 Bc5 4. c3 Nf6 5. d3 d6 6. 0-0 0-0 7. b4 Bb6 8. a4 a6 9. Be3 d5 10. exd5 Nxd5 11. Bxd5 Qxd5 12. c4 Qe6 13. c5 Ba7 14. b5 Ne7 15. Nc3 Nf5 16. Re1 f6 17. Ne4 Qf7 18. Rb1 Rd8 19. b6 cxb6 20. cxb6 Bb8 21. Qc2 Be6 22. Rec1 Bd6 23. Nxd6 Rxd6 24. Qe2 Rd7 25. Rc3 Bd5 26. Rbc1 Bc6 27. a5 Qh5 28. Rxc6 bxc6 29. Rxc6 Nxe3 30. Qxe3 Rad8 31. d4 exd4 32. Qe6+ Qf7 0-1